000 01183nac a22003497a 4500
001 BR7600923
003 BR-BrBNA
005 20240105113919.0
008 230509b bl.|||m| |||| 00| 0 por d
040 _aBR-BrBNA
_bpor
_cBiblioteca Nacional de Agricultura
072 _aH10
090 _a0336 BR7600923
100 1 _aMenschoy, A.B.
110 1 _aEmpresa Brasileira de Pesquisa Agropecuaria, Pelotas, RS. Representacao Estadual no Rio Grande do Sul
_93900
245 1 _aInsetos - Pragas da soja e seu combate [Trips, percevejo, pulgao, cochonilha, cigarrinha, lagarta, mariposa, Rio Grande do Sul, Brasil]
260 3 _aPelotas, RS (Brasil):
_c1975.
300 _a33 p.
490 _aBoletim Tecnico - Empresa Brasileira de Pesquisa Agropecuaria. Representacao Estadual no Rio Grande do Sul (Brazil)
_vno. 100
_x
500 _a9 illus.; 11 ref.
650 _aSOJA
650 _aINSETO
650 _aTRIPS
650 _aPERCEVEJO
650 _aPULGAO
650 _aCOCHONILHA
650 _aCIGARRINHA
650 _aLAGARTA
650 _aMARIPOSA
650 _aRIO GRANDE DO SUL
909 _a202312
_bLúcia Elande
_c55
_dLúcia Elande
942 _2AGRIS
_n0
_cMS
999 _c266308
_d266308